00750nam a22002177a 450000500170000000800410001701000150005802000270007303500130010003700130011304000130012608200160013910000230015524501050017826000400028327001250032330000280044850000500047665000030052670000030052920110506151113.0110506t xxu||||| |||| 00| 0 eng d aENG-102389 a9788178312033c1000.00 aEN-85922 bDBAD/PUB adplbEng a342.5408772 aChakraborty, Sudip aHuman rights for children in india :cby Sudip Chakrabortybevaluating policies and public action / aNew DelhibManak Publicationsc2010 aB-7, Saraswati Complex, Subhash Chowk, Laxmi NagarbNew Delhie110092k22453894,22042529mmanak_publications@hotmail.com axxiii,360p. c23cm (Hb) aIncludes bibliographical references and index